Complex Kleinian groups

Αποθηκεύτηκε σε:
Λεπτομέρειες βιβλιογραφικής εγγραφής
Κύριος συγγραφέας: Cano, Anfel
Άλλοι συγγραφείς: Navarrete, Juan Pablo, Seade, J. (Jose)
Μορφή: Βιβλίο
Γλώσσα:English
Δημοσίευση: Basel ; New York : Birkhauser, Springer, c2013
Σειρά:Progress in mathematics (Boston, Mass.) ; 303
Θέματα:
Ετικέτες: Προσθήκη ετικέτας
Δεν υπάρχουν, Καταχωρήστε ετικέτα πρώτοι!

MARC

LEADER 00000nam a2200000 i 4500
001 1/65132
008 150127s2013 eng d
020 |a 978-3-0348-0480-6 
035 |l 10120726 
040 |a GR-MY-UA  |b gre  |e aacr 
041 0 |a eng 
082 0 |a 515.9  |2 (23) 
100 1 |a Cano, Anfel. 
245 1 0 |a Complex Kleinian groups /  |c Angel Cano, Juan Pablo Navarrete, Jose Seade 
260 |a Basel ; New York :   |b Birkhauser,   |b Springer,   |c c2013 
300 |a xx, 271 α.;  |b εικ., πιν.;  |c 24 εκ. 
490 1 |a Progress in mathematics  |v ; 303 
504 |a Βιβλιογραφία: σ.253-267. Ευρετήριο 
650 0 0 |a Kleinian groups. 
700 1 |a Navarrete, Juan Pablo. 
700 1 |a Seade, J.  |q (Jose) 
830 0 |a Progress in mathematics (Boston, Mass.)  |v ; 303 
852 |a INST  |b SAMOS  |e 20150127  |h 515.9 CAN  |p 005300041421  |q 005300041421  |t BK  |y 0 
901 |a BIBL3-2015-1 
909 |a Σ  |b 189334 
922 |a 3ΕΛΗ  |b 201405  |c ΤΜΗΜΑ ΜΑΘΗΜΑΤΙΚΩΝ  |d ΔΙΑΔΡΟΜΕΣ 
970 |a ΚΟΣΙΕΡΗΣ  |b ΧΡΗΣΤΟΣ  |z 2015/01/27